| 000 | 00532nam a22001937a 4500 | ||
|---|---|---|---|
| 003 | LK-CoMWRAF | ||
| 005 | 20230915120541.0 | ||
| 008 | 230915b1987 |||||||| |||| 00| 0 eng d | ||
| 040 |
_aLK-CoMWRAF _dLK-CoMWRAF _eLK-CoMWRAF |
||
| 041 | _aeng | ||
| 082 |
_a297.63 _bSCH |
||
| 100 | _aSchimmel, Annemarie | ||
| 245 |
_aAnd Muhammad is his messenger : _bThe veneration of the prophet in Islamic piety |
||
| 260 |
_aLahore : _bVanguard, _c1997 |
||
| 300 | _a377p. : ill. | ||
| 650 | _aMuḼammad | ||
| 650 | _aProphet | ||
| 942 | _cBK | ||
| 999 |
_c3566 _d3566 |
||